Countries With the Most Proven Oil Reserves - Statistics

General Stats
  • This quiz has been taken 25 times
  • The average score is 22 of 25
Answer Stats
Rank Barrels Region Country % Correct
2 267,026,000,000 Middle East Saudi Arabia
100%
10 47,053,000,000 North America United States
100%
15 12,999,000,000 South America Brazil
95%
3 167,896,000,000 North America Canada
95%
4 155,600,000,000 Middle East Iran
95%
5 145,019,000,000 Middle East Iraq
95%
12 30,000,000,000 Central Asia Kazakhstan
95%
8 80,000,000,000 Eastern Europe Russia
95%
1 302,809,000,000 South America Venezuela
95%
16 12,200,000,000 North Africa Algeria
90%
13 25,620,000,000 East Asia China
90%
23 4,600,000,000 South Asia India
90%
6 101,500,000,000 Middle East Kuwait
90%
19 7,300,000,000 North America Mexico
90%
14 25,244,000,000 Middle East Qatar
90%
7 97,800,000,000 Middle East United Arab Emirates
90%
11 36,972,000,000 West Africa Nigeria
86%
21 6,611,000,000 Northern Europe Norway
86%
22 5,373,000,000 Middle East Oman
86%
17 8,273,000,000 Central Africa Angola
81%
24 4,400,000,000 Middle East Egypt
81%
9 48,363,000,000 North Africa Libya
81%
20 7,000,000,000 West Asia Azerbaijan
76%
18 8,273,000,000 South America Ecuador
76%
25 4,400,000,000 Southeast Asia Vietnam
71%
No matching quizzes found
Score Distribution
Percent of People with Each Score
Percentile by Number Answered
Your Score History
You have not taken this quiz